000 00479nam a2200193Ia 4500
005 20230612095503.0
008 131103s9999 xx 000 0 und d
020 _a330242180
040 _aLoreto College
041 _aEnglish
082 _aF
_bCRA
100 _aCraven,Margaret
245 _aI heard theowl call my name
_cMargaret Craven
260 _aLondon
_bPan Books Ltd.
_c1967
300 _a133 p.
650 _aFiction in English
850 _aLCLIB
942 _cBK
999 _c15493
_d65972